El grotesco criollo /

Guardado en:
Autor Principal: Discépolo, Armando
Formato: Libro
Publicado: Buenos Aires : Colihue, 1998
Materias:
Etiquetas: Agregar Etiqueta
Sin Etiquetas, Sea el primero en etiquetar este registro!
LEADER 00712nam a22002295a 4500
001 CEM.cems016959
005 20110928100015.0
008 130507s1998##################000#0#####d
003 CEMS
020 |a 9505810741 
082 0 4 |a A862.4 
100 1 |a Discépolo, Armando 
245 1 0 |a El grotesco criollo /  |c Armando Discépolo y Roberto Cossa 
260 |a Buenos Aires :  |b Colihue,  |c 1998 
300 |a 172 p. 
505 0 |a Stefano / Armando Discépolo -- La nona / Roberto Cossa 
653 |a Literatura 
653 |a Literatura argentina 
653 |a Teatro 
653 |a Teatro argentino 
653 |a Grotesco criollo-características 
859 |a CEMS  |b BIB. CEMS - Agricultura  |h A862.4  |i D631  |p A0123.00  |t Ej.1  |v 1  |3 Vol. 1